[Event "Open B Carnevale"]
[Site "Milano ITA"]
[Date "2015.02.18"]
[Round "1"]
[White "Vignati, Andrea"]
[Black "Poletto, Daniele"]
[WhiteElo "1574"]
[BlackElo "1715"]
[Result "0-1"]
[PlyCount "94"]
[EventDate "2015.02.18"]

1. e4 c5 2. d4 cxd4 3. Qxd4 Nc6 4. Qa4 e6 5. Nc3 Nf6 6. Nf3 d5 7. e5 Nd7 8. Bb5
Qc7 9. Be3 Nb6 10. Bxb6 Qxb6 11. Bxc6+ bxc6 12. Nd4 Bd7 13. Nb3 c5 14. Qa5 Rb8
15. Qxb6 Rxb6 16. O-O Be7 17. Rfd1 O-O 18. Ne4 Rc8 19. c4 d4 20. Rd3 a5 21. Rb1
a4 22. Nbd2 Rcb8 23. b3 Bc6 24. Kf1 Rb4 25. Ke2 Bxe4 26. Nxe4 Rxc4 27. bxc4
Rxb1 28. Ra3 Rb4 29. Kd3 f5 30. exf6 gxf6 31. g4 Kg7 32. f4 Kg6 33. h4 h5 34.
g5 f5 35. Ng3 Bd6 36. Ne2 Bc7 37. Kc2 Rxc4+ 38. Kd3 Rb4 39. Kc2 e5 40. fxe5
Bxe5 41. Kd3 c4+ 42. Kd2 d3 43. Nc3 Bg3 44. Rxa4 Rxa4 45. Nxa4 Bxh4 46. Nc5
Bxg5+ 47. Kc3 h4 0-1

[Event "Open B Carnevale"]
[Site "Milano ITA"]
[Date "2015.02.19"]
[Round "2"]
[White "Casamassima, Paolo"]
[Black "Biava, Pierluigi"]
[WhiteElo "1683"]
[BlackElo "1618"]
[Result "0-1"]
[PlyCount "66"]
[EventDate "2015.02.18"]

1. d4 Nf6 2. c4 e6 3. Nf3 d5 4. cxd5 exd5 5. Nc3 c6 6. a3 a5 7. e3 Bd6 8. Qc2
O-O 9. Be2 Re8 10. O-O Nbd7 11. Nd2 Nf8 12. e4 Ne6 13. Nf3 dxe4 14. Nxe4 Nxe4
15. Qxe4 Nxd4 16. Qxd4 Rxe2 17. Be3 Be6 18. Rfd1 Bd5 19. Nd2 Qe7 20. Kf1 Rxe3
21. Qxe3 Qxe3 22. fxe3 Bxh2 23. Nf3 Bg3 24. Rd4 Re8 25. Ke2 h6 26. Rad1 f5 27.
Kd3 b5 28. Rd2 Kf7 29. Rc2 Be4+ 30. Kc3 Bxc2 31. Kxc2 Rxe3 32. Rd7+ Kf6 33.
Rd6+ Bxd6 0-1

[Event "Open B Carnevale"]
[Site "Milano ITA"]
[Date "2015.02.19"]
[Round "2"]
[White "Colica, Daniele"]
[Black "Bonghi, Fabrizio"]
[WhiteElo "1657"]
[BlackElo "1518"]
[Result "1-0"]
[PlyCount "53"]
[EventDate "2015.02.18"]

1. e4 c5 2. Nf3 d6 3. d4 cxd4 4. Qxd4 Nc6 5. Bb5 Qa5+ 6. Nc3 Bd7 7. Bxc6 bxc6
8. Be3 e5 9. Qd3 Nf6 10. Bg5 Nh5 11. g3 h6 12. Bd2 Qb6 13. O-O Be7 14. Rfd1 O-O
15. Nxe5 Bh3 16. Nc4 Qc7 17. Be3 f5 18. Nxd6 Rad8 19. Qe2 Nxg3 20. Qc4+ Kh7 21.
Nf7 Rxd1+ 22. Rxd1 Nxe4 23. Nxe4 Rxf7 24. Qxf7 fxe4 25. Qf4 Qc8 26. Bxa7 Qa6
27. Qxe4+ 1-0

[Event "Open B Carnevale"]
[Site "Milano ITA"]
[Date "2015.02.19"]
[Round "2"]
[White "Forti, Francesco"]
[Black "Vignati, Andrea"]
[WhiteElo "1526"]
[BlackElo "1574"]
[Result "1-0"]
[PlyCount "75"]
[EventDate "2015.02.18"]

1. d4 d5 2. c4 dxc4 3. e3 Nc6 4. Bxc4 e5 5. Ne2 exd4 6. Nxd4 Nxd4 7. Qxd4 Qxd4
8. exd4 Bb4+ 9. Bd2 Bxd2+ 10. Kxd2 Be6 11. Re1 O-O-O 12. Bxe6+ fxe6 13. Kd3 Kd7
14. Nc3 Nf6 15. Ne4 Nxe4 16. Rxe4 Rhf8 17. f3 Kd6 18. Rae1 Rf6 19. Kc4 Re8 20.
Re5 Rh6 21. h3 Rg6 22. R1e2 Rf8 23. h4 Rf5 24. a4 Rxe5 25. dxe5+ Kc6 26. b4 a6
27. a5 b5+ 28. axb6 cxb6 29. g4 Rh6 30. Rd2 Rg6 31. Rd6+ Kc7 32. g5 h5 33. f4
Kb7 34. f5 Rxg5 35. hxg5 h4 36. fxe6 h3 37. e7 h2 38. Rd1 1-0

[Event "Open B Carnevale"]
[Site "Milano ITA"]
[Date "2015.02.19"]
[Round "2"]
[White "Iacchetti, Giovanni"]
[Black "Alidosi, Marco"]
[WhiteElo "1668"]
[BlackElo "1743"]
[Result "0-1"]
[PlyCount "74"]
[EventDate "2015.02.18"]

1. e4 c5 2. Nc3 Nc6 3. g3 g6 4. Bg2 Bg7 5. f4 d6 6. Nf3 Nf6 7. d3 O-O 8. O-O
Rb8 9. Be3 Nd7 10. Qd2 b5 11. a3 Nd4 12. Nh4 a5 13. f5 Ne5 14. Nd5 Bb7 15. Bh6
Bxd5 16. Bxg7 Kxg7 17. exd5 a4 18. Rae1 b4 19. axb4 cxb4 20. Be4 Qb6 21. Kh1
Rbc8 22. Rc1 Ra8 23. Qf2 Qc5 24. f6+ exf6 25. Qxf6+ Kg8 26. Qg5 Qc8 27. Nf5
Nxf5 28. Bxf5 Qd8 29. Qxd8 Rfxd8 30. Bh3 Ra5 31. Bg2 Rb8 32. Rcd1 Ra7 33. Rf6
a3 34. bxa3 bxa3 35. Rxd6 a2 36. Bf1 Rb1 37. Rd8+ Kg7 0-1

[Event "Open B Carnevale"]
[Site "Milano ITA"]
[Date "2015.02.19"]
[Round "2"]
[White "Marcuzzo, Stefano"]
[Black "Bossoni, Alessandra"]
[WhiteElo "1582"]
[BlackElo "1483"]
[Result "1/2-1/2"]
[PlyCount "95"]
[EventDate "2015.02.18"]

1. e4 d6 2. d4 Nf6 3. Nc3 g6 4. f4 Bg7 5. Nf3 Nc6 6. d5 Nb8 7. Bd3 O-O 8. O-O
c6 9. dxc6 Nxc6 10. Qe2 Bg4 11. Be3 e5 12. Qf2 exf4 13. Bxf4 Bxf3 14. Qxf3 Ne5
15. Bxe5 dxe5 16. Kh1 Qb6 17. Rab1 Rac8 18. g4 a6 19. g5 Nh5 20. Nd5 Qd8 21. h4
Qd6 22. c4 Nf4 23. Rbc1 Nxd5 24. cxd5 Qd7 25. Bc4 b5 26. Bd3 Rc7 27. a4 bxa4
28. Bxa6 f5 29. gxf6 Rxf6 30. Rxc7 Qxc7 31. Qe2 Rxf1+ 32. Qxf1 Bf8 33. Bc4 Bd6
34. Bb5 Qc2 35. Qe2 Qxe2 36. Bxe2 Kf7 37. Kg2 Ke7 38. Kg3 h5 39. Bb5 a3 40.
bxa3 Bxa3 41. Kf3 Bb4 42. Ke2 Kd8 43. d6 Bxd6 44. Kf3 Be7 45. Kg3 g5 46. hxg5
Bxg5 47. Be2 Ke7 48. Bxh5 1/2-1/2

[Event "Open B Carnevale"]
[Site "Milano ITA"]
[Date "2015.02.19"]
[Round "2"]
[White "Montaruli, Beatrice"]
[Black "Meharunkar, Prabhav"]
[WhiteElo "1506"]
[BlackElo "1530"]
[Result "1-0"]
[PlyCount "91"]
[EventDate "2015.02.18"]

1. e4 e5 2. Nf3 Nc6 3. Bc4 Nf6 4. Nc3 Nxe4 5. Nxe4 d5 6. Bd3 f5 7. Nxe5 Nxe5 8.
Ng3 Nxd3+ 9. cxd3 Be7 10. O-O O-O 11. Qf3 Be6 12. b3 Bb4 13. a3 Bc5 14. Bb2 Qd6
15. Rfe1 Rae8 16. b4 Bb6 17. Be5 Qd7 18. Nh5 Rf7 19. Qg3 Kh8 20. Re2 c5 21.
Rae1 cxb4 22. axb4 d4 23. Nxg7 Rxg7 24. Bxg7+ Qxg7 25. Qxg7+ Kxg7 26. Rxe6 Rxe6
27. Rxe6 Bd8 28. Rd6 Bb6 29. Rd7+ Kg6 30. Rxb7 h5 31. g3 Kg5 32. Kg2 Kg6 33.
Kf3 Kg5 34. h4+ Kg6 35. Kf4 Kf6 36. f3 Kg6 37. Ke5 Bd8 38. Kxd4 Bf6+ 39. Kd5
Bb2 40. Rxa7 Bc1 41. b5 Bxd2 42. Ra6+ Kf7 43. b6 Ke7 44. b7 Kd7 45. b8=Q Be1
46. Ra7# 1-0

[Event "Open B Carnevale"]
[Site "Milano ITA"]
[Date "2015.02.19"]
[Round "2"]
[White "Pasini, Nicolo'"]
[Black "Izzo, Riccardo"]
[WhiteElo "1748"]
[BlackElo "1683"]
[Result "0-1"]
[PlyCount "94"]
[EventDate "2015.02.18"]

1. e4 e5 2. Nf3 Nc6 3. Bb5 a6 4. Ba4 Nf6 5. d4 Nxd4 6. Nxd4 exd4 7. e5 Ng8 8.
Qxd4 b5 9. Bb3 Bb7 10. Bd5 c5 11. Qe4 Bxd5 12. Qxd5 c4 13. O-O Ne7 14. Qe4 Ng6
15. Nc3 Bc5 16. Bg5 Qb8 17. Qd5 Bb4 18. Ne4 O-O 19. c3 Be7 20. f4 Qb6+ 21. Kh1
Qe6 22. Rad1 Qxd5 23. Rxd5 Ra7 24. Bxe7 Nxe7 25. Rd2 Rd8 26. Nd6 Nc8 27. Rfd1
Nxd6 28. Rxd6 Kf8 29. Kg1 Ke7 30. Kf2 Rf8 31. f5 Rc8 32. R1d5 Rc6 33. Ke3 Rxd6
34. exd6+ Kf6 35. Kd4 Rb7 36. Kc5 a5 37. b3 cxb3 38. axb3 a4 39. Kb4 axb3 40.
Kxb3 Rb6 41. Kb4 Rc6 42. Kxb5 Rxc3 43. Kb6 Rc6+ 44. Kb7 Kg5 45. h3 Kf4 46. h4
Ke4 47. f6 g6 0-1

[Event "Open B Carnevale"]
[Site "Milano ITA"]
[Date "2015.02.19"]
[Round "2"]
[White "Pipitone, Filippo Massimo"]
[Black "Fantina, Carla"]
[WhiteElo "1545"]
[BlackElo "1340"]
[Result "1-0"]
[PlyCount "112"]
[EventDate "2015.02.18"]

1. d4 Nf6 2. c4 g6 3. Nc3 Bg7 4. e4 d6 5. f3 O-O 6. Be3 h6 7. Bd3 c6 8. Nge2 e5
9. d5 cxd5 10. cxd5 a6 11. O-O Nbd7 12. Rc1 b5 13. a3 Nc5 14. Bc2 Bd7 15. Bd2
a5 16. Na2 Qe8 17. Qe1 Qd8 18. Be3 Qb8 19. Qd2 Kh7 20. Bd1 Rc8 21. Kh1 Na6 22.
Nac3 Nc5 23. Na2 Rc7 24. g4 Ng8 25. h4 Qd8 26. Bf2 Bf6 27. Bxc5 Rxc5 28. Rxc5
dxc5 29. h5 Bg7 30. Ng3 Qh4+ 31. Kg2 Bf6 32. Rh1 Qg5 33. Qf2 Rc8 34. Nc3 c4 35.
Qa7 Rd8 36. Qxa5 Qd2+ 37. Be2 Qxb2 38. Rb1 Qc2 39. Qb4 Ra8 40. Rh1 Bd8 41. Nxb5
Ba5 42. Qxc4 Qxc4 43. Bxc4 Rb8 44. a4 Ne7 45. d6 Nc6 46. Bxf7 Kg7 47. Bxg6 Nb4
48. Nf5+ Kf6 49. Nxh6 Rc8 50. Nf5 Rc2+ 51. Kg3 Bb6 52. Ne7 Bf2+ 53. Kh3 Nd3 54.
Nd5+ Kg7 55. Nbc7 Bxa4 56. Ne6+ Kh6 1-0

[Event "Open B Carnevale"]
[Site "Milano ITA"]
[Date "2015.02.19"]
[Round "2"]
[White "Poletto, Daniele"]
[Black "Carli, Federico"]
[WhiteElo "1715"]
[BlackElo "1663"]
[Result "1/2-1/2"]
[PlyCount "50"]
[EventDate "2015.02.18"]

1. Nf3 d5 2. g3 Nf6 3. Bg2 c5 4. O-O Nc6 5. d3 Bg4 6. h3 Bh5 7. Nbd2 e6 8. e4
Be7 9. exd5 exd5 10. g4 Bg6 11. Re1 O-O 12. Nh4 Kh8 13. Nxg6+ fxg6 14. Nf1 Qc7
15. c3 Rad8 16. Qc2 a6 17. Bd2 b5 18. a3 Rf7 19. Re2 Bd6 20. Rae1 Ne5 21. Bg5
c4 22. Bxf6 gxf6 23. d4 Nd3 24. Re8+ Kg7 25. Rxd8 Qxd8 1/2-1/2

[Event "Open B Carnevale"]
[Site "Milano ITA"]
[Date "2015.02.19"]
[Round "2"]
[White "Vece, Luigi"]
[Black "Cagnotto, Marco"]
[WhiteElo "1614"]
[BlackElo "1686"]
[Result "0-1"]
[PlyCount "32"]
[EventDate "2015.02.18"]

1. e4 c5 2. Nf3 Nc6 3. d4 cxd4 4. Nxd4 g6 5. Nxc6 bxc6 6. Qd4 Nf6 7. e5 Nd5 8.
Bc4 e6 9. O-O Bg7 10. Qe4 O-O 11. Nd2 f6 12. exf6 Qxf6 13. Nb3 Nb6 14. c3 d5
15. Bxd5 exd5 16. Qe2 Bf5 0-1

[Event "Open B Carnevale"]
[Site "Milano ITA"]
[Date "2015.02.19"]
[Round "2"]
[White "Zecchini, Diego"]
[Black "Invernizzi, Ferruccio"]
[WhiteElo "1530"]
[BlackElo "1586"]
[Result "0-1"]
[PlyCount "72"]
[EventDate "2015.02.18"]

1. d4 d6 2. c4 e5 3. Nc3 exd4 4. Qxd4 Nc6 5. Qd1 g6 6. Nf3 Bg7 7. Qc2 Nf6 8.
Bg5 O-O 9. e3 Bg4 10. Be2 Qd7 11. O-O Rfe8 12. Rad1 Bf5 13. Qb3 Ne4 14. Nxe4
Bxe4 15. Nd2 Bf5 16. Nf3 b6 17. Bd3 Bxd3 18. Rxd3 Na5 19. Qc2 Nb7 20. b4 a5 21.
a3 axb4 22. axb4 Ra7 23. Nd4 Rea8 24. b5 Ra2 25. Qb3 Nc5 26. Qd1 Ra1 27. Qe2
Rxf1+ 28. Kxf1 Nxd3 29. Qxd3 Ra1+ 30. Ke2 Qg4+ 31. Nf3 Qxg2 32. Qe4 Qf1+ 33.
Kd2 Ra2+ 34. Qc2 Qxf2+ 35. Kd1 Qxc2+ 36. Ke1 Ra1# 0-1

[Event "Open B Carnevale"]
[Site "Milano ITA"]
[Date "2015.02.20"]
[Round "3"]
[White "Alidosi, Marco"]
[Black "Colica, Daniele"]
[WhiteElo "1743"]
[BlackElo "1657"]
[Result "1/2-1/2"]
[PlyCount "53"]
[EventDate "2015.02.18"]

1. Nf3 Nf6 2. d4 e6 3. Bf4 c5 4. c3 Nc6 5. e3 Be7 6. Nbd2 b6 7. h3 Bb7 8. Bd3
d5 9. O-O O-O 10. a4 cxd4 11. exd4 Na5 12. Ne5 Rc8 13. Qf3 Nd7 14. Nxd7 Qxd7
15. Qg3 Nc4 16. Nxc4 dxc4 17. Bc2 Qd8 18. Rfe1 Bh4 19. Qe3 Bd5 20. Qd2 f5 21.
g3 Bf6 22. Bd1 g5 23. Be5 Bxe5 24. Rxe5 Qf6 25. Bc2 Rc7 26. g4 f4 27. Qe2
1/2-1/2

[Event "Open B Carnevale"]
[Site "Milano ITA"]
[Date "2015.02.20"]
[Round "3"]
[White "Biava, Pierluigi"]
[Black "Poletto, Daniele"]
[WhiteElo "1618"]
[BlackElo "1715"]
[Result "1/2-1/2"]
[PlyCount "55"]
[EventDate "2015.02.18"]

1. Nf3 c5 2. e4 e6 3. g3 Nc6 4. Bg2 g6 5. O-O Bg7 6. c3 e5 7. d3 Nge7 8. Be3 b6
9. Na3 O-O 10. Qd2 d5 11. Rfd1 dxe4 12. dxe4 Qxd2 13. Rxd2 Bg4 14. h3 Bxf3 15.
Bxf3 Rad8 16. Rad1 h6 17. Bg4 Rxd2 18. Rxd2 Rd8 19. Nb5 Rxd2 20. Bxd2 h5 21.
Bd7 Nb8 22. Be8 Kf8 23. Nd6 f6 24. Ba4 Nec6 25. Nb5 Ke7 26. Nc7 Kd7 27. Nd5 Kd6
28. Ne3 1/2-1/2

[Event "Open B Carnevale"]
[Site "Milano ITA"]
[Date "2015.02.20"]
[Round "3"]
[White "Bonghi, Fabrizio"]
[Black "Vece, Luigi"]
[WhiteElo "1518"]
[BlackElo "1614"]
[Result "1-0"]
[PlyCount "51"]
[EventDate "2015.02.18"]

1. f4 c5 2. Nf3 d5 3. e3 g6 4. d4 Bg7 5. c3 cxd4 6. exd4 Nf6 7. Bb5+ Bd7 8.
Bxd7+ Nbxd7 9. O-O O-O 10. Ne5 Nb6 11. f5 a5 12. Nd2 Qc8 13. fxg6 fxg6 14. Ndf3
Ne4 15. Bg5 e6 16. Qc1 Nxg5 17. Nxg5 Bh6 18. Qe3 Rf5 19. Nef7 Nc4 20. Nxh6+ Kg7
21. Nxf5+ exf5 22. Qe7+ Kh6 23. Rf3 Kh5 24. Rh3+ Kg4 25. Rg3+ Kf4 26. Rf1# 1-0

[Event "Open B Carnevale"]
[Site "Milano ITA"]
[Date "2015.02.20"]
[Round "3"]
[White "Bossoni, Alessandra"]
[Black "Pipitone, Filippo Massimo"]
[WhiteElo "1483"]
[BlackElo "1545"]
[Result "1/2-1/2"]
[PlyCount "48"]
[EventDate "2015.02.18"]

1. e4 c5 2. Nf3 e6 3. d4 cxd4 4. Nxd4 a6 5. Nc3 Qc7 6. Be2 Nf6 7. Be3 Bb4 8.
Qd3 d5 9. O-O Bxc3 10. Qxc3 Qxc3 11. bxc3 Nxe4 12. c4 dxc4 13. Bxc4 b5 14. Bd3
Bb7 15. f3 Nf6 16. Rfe1 O-O 17. Bd2 Nbd7 18. Nb3 Rac8 19. Rac1 Rfe8 20. c4 bxc4
21. Rxc4 Rxc4 22. Bxc4 Rc8 23. Bd3 h6 24. Rc1 Rxc1+ 1/2-1/2

[Event "Open B Carnevale"]
[Site "Milano ITA"]
[Date "2015.02.20"]
[Round "3"]
[White "Cagnotto, Marco"]
[Black "Izzo, Riccardo"]
[WhiteElo "1686"]
[BlackElo "1683"]
[Result "0-1"]
[PlyCount "44"]
[EventDate "2015.02.18"]

1. e4 e5 2. Nf3 Nc6 3. d4 exd4 4. Nxd4 Bc5 5. Be3 Qf6 6. c3 Nge7 7. Bc4 Ne5 8.
Bb3 O-O 9. O-O d6 10. Na3 N7c6 11. Nxc6 Nxc6 12. Bxc5 dxc5 13. Qc2 a6 14. Bc4
Ne5 15. Be2 b5 16. Nb1 Bb7 17. Nd2 Rfe8 18. f3 c4 19. Rfe1 Rad8 20. b3 Nd3 21.
Red1 Qb6+ 22. Kh1 Nf2+ 0-1

[Event "Open B Carnevale"]
[Site "Milano ITA"]
[Date "2015.02.20"]
[Round "3"]
[White "Calabrese, Maurizio"]
[Black "Marcuzzo, Stefano"]
[WhiteElo "1439"]
[BlackElo "1582"]
[Result "1-0"]
[PlyCount "69"]
[EventDate "2015.02.18"]

1. d4 d5 2. c4 e6 3. Nf3 Nf6 4. Nc3 Be7 5. a3 O-O 6. g3 Nbd7 7. Bg2 c6 8. b4
Re8 9. O-O Nb6 10. Ne5 Nbd7 11. Nxd7 Nxd7 12. c5 b6 13. Bb2 Ba6 14. Qd2 e5 15.
Nd1 exd4 16. cxb6 Nxb6 17. Bxd4 Nc4 18. Qc3 Bf6 19. Re1 Bxd4 20. Qxd4 Qe7 21.
Nc3 Qg5 22. Na4 Nd2 23. Qb2 Qh6 24. Rad1 Nc4 25. Qc3 Bc8 26. e4 Bg4 27. f3 Be6
28. Nc5 Qf6 29. e5 Qf5 30. f4 g5 31. fxg5 Qxg5 32. Rd4 Nb6 33. Nxe6 Rxe6 34.
Bh3 Re7 35. Rg4 1-0

[Event "Open B Carnevale"]
[Site "Milano ITA"]
[Date "2015.02.20"]
[Round "3"]
[White "Carli, Federico"]
[Black "Pasini, Nicolo'"]
[WhiteElo "1663"]
[BlackElo "1748"]
[Result "1/2-1/2"]
[PlyCount "58"]
[EventDate "2015.02.18"]

1. e4 Nf6 2. e5 Nd5 3. d4 d6 4. c4 Nb6 5. exd6 exd6 6. Nc3 Be7 7. Nf3 O-O 8.
Be2 Bg4 9. O-O Nc6 10. b3 Bf6 11. Be3 Re8 12. Rc1 g6 13. Re1 Nb8 14. Qd2 N8d7
15. h3 Bxf3 16. Bxf3 Rb8 17. c5 Nc8 18. Nd5 Bg7 19. c6 bxc6 20. Nb4 Ne7 21. Bg5
f6 22. Rxe7 Qxe7 23. Nxc6 Qf7 24. Nxb8 Nxb8 25. Be3 Qd7 26. d5 a6 27. Qa5 Re7
28. Be2 Qc8 29. Bf1 Qb7 1/2-1/2

[Event "Open B Carnevale"]
[Site "Milano ITA"]
[Date "2015.02.20"]
[Round "3"]
[White "Casamassima, Paolo"]
[Black "Forti, Francesco"]
[WhiteElo "1683"]
[BlackElo "1526"]
[Result "1-0"]
[PlyCount "145"]
[EventDate "2015.02.18"]

1. d4 Nf6 2. c4 c5 3. d5 e6 4. Nc3 exd5 5. cxd5 d6 6. Bg5 h6 7. Bxf6 Qxf6 8. e4
g6 9. Bd3 Bg7 10. Nge2 O-O 11. O-O Qe7 12. Ng3 Nd7 13. f4 Nf6 14. Qd2 Bd7 15.
Rae1 Nh7 16. Kh1 Rfe8 17. Nb5 Bxb5 18. Bxb5 Red8 19. b3 a6 20. Bd3 Re8 21. Rf2
Rad8 22. Rfe2 Bd4 23. f5 g5 24. Rf1 Nf6 25. Ree1 Qe5 26. Qe2 Re7 27. Nh5 Nxh5
28. Qxh5 Qf6 29. Re2 Rde8 30. Rf3 Kg7 31. Rh3 Rh8 32. Qg4 Qe5 33. Rf3 Qf6 34.
Rh3 Be5 35. Rh5 Bd4 36. g3 Kf8 37. Kg2 Rg8 38. Rh3 Rh8 39. Qh5 Kg7 40. Qg4 Kf8
41. Rh5 Rg8 42. Rc2 Rc7 43. b4 Bc3 44. b5 c4 45. Be2 axb5 46. Qf3 Bd4 47. Qa3
Qe7 48. Qf3 Kg7 49. Bd1 Re8 50. Re2 Rec8 51. h4 c3 52. Bc2 Bf6 53. Qg4 Ra8 54.
Bd3 b4 55. hxg5 Bxg5 56. Rh1 Qe5 57. Rb1 Qd4 58. Qf3 Rac8 59. Rc2 b6 60. Rd1
Qc5 61. Qe2 Ra7 62. e5 Qxd5+ 63. Be4 Qxe5 64. Rd5 Qe8 65. Qf3 Qa4 66. Rxd6 b3
67. axb3 Qxb3 68. f6+ Kg8 69. Qf5 Bxf6 70. Qxc8+ Kg7 71. Qf5 Bg5 72. Qh7+ Kf8
73. Qh8+ 1-0

[Event "Open B Carnevale"]
[Site "Milano ITA"]
[Date "2015.02.20"]
[Round "3"]
[White "Invernizzi, Ferruccio"]
[Black "Montaruli, Beatrice"]
[WhiteElo "1586"]
[BlackElo "1506"]
[Result "1/2-1/2"]
[PlyCount "122"]
[EventDate "2015.02.18"]

1. e4 e5 2. Nf3 Nc6 3. d4 exd4 4. Nxd4 Nf6 5. Nxc6 bxc6 6. Bd3 Bc5 7. O-O O-O
8. Bg5 d6 9. Qf3 Bd4 10. c3 Be5 11. Nd2 h6 12. Bh4 d5 13. exd5 cxd5 14. Rfe1
Qd6 15. Bg3 Re8 16. Bxe5 Rxe5 17. h3 Be6 18. Nc4 Rxe1+ 19. Rxe1 Qd8 20. Ne5 c5
21. Bf5 Bxf5 22. Qxf5 Qd6 23. b3 Re8 24. Nd3 Rxe1+ 25. Nxe1 Ne4 26. c4 Nc3 27.
Qd3 d4 28. a4 Qe6 29. Kf1 Qb6 30. Qc2 g6 31. Nd3 f5 32. Nf4 Qd6 33. Nd3 Kg7 34.
g3 Kf6 35. Qd2 Qc6 36. Kg1 g5 37. h4 Qb6 38. hxg5+ hxg5 39. Qe1 Qd6 40. Qe8 f4
41. Qh8+ Kg6 42. Ne5+ Kf5 43. g4+ Ke6 44. Qe8+ Qe7 45. Qxe7+ Kxe7 46. Kf1 Kd6
47. Nf7+ Ke6 48. Nxg5+ Kf6 49. Nf3 d3 50. Ke1 Ne4 51. Nd2 Nc3 52. f3 Ke5 53.
Kf2 Kd4 54. Ke1 Ke5 55. Kf1 Kd4 56. Kf2 Ke5 57. Kg2 Kf6 58. Kh2 Kg6 59. Kg2 Kf6
60. Kf2 Ke5 61. Kg2 Kf6 1/2-1/2

[Event "Open B Carnevale"]
[Site "Milano ITA"]
[Date "2015.02.20"]
[Round "3"]
[White "Meharunkar, Prabhav"]
[Black "Iacchetti, Giovanni"]
[WhiteElo "1530"]
[BlackElo "1668"]
[Result "0-1"]
[PlyCount "60"]
[EventDate "2015.02.18"]

1. e4 c5 2. Nf3 Nc6 3. d4 cxd4 4. Nxd4 Nf6 5. Nc3 g6 6. Bc4 Bg7 7. Be3 a6 8. a3
O-O 9. O-O b5 10. Ba2 Bb7 11. Re1 Ne5 12. Bf4 d6 13. Nf3 Nc4 14. Bxc4 bxc4 15.
e5 dxe5 16. Nxe5 Rc8 17. Qxd8 Rfxd8 18. Rad1 Rxd1 19. Rxd1 Nh5 20. g3 Nxf4 21.
gxf4 g5 22. Rd7 Ba8 23. Rxe7 gxf4 24. Nxf7 Kf8 25. Nd6 Rd8 26. Re6 Rb8 27. Kf1
Bf3 28. Ke1 Bxc3+ 29. bxc3 Rb1+ 30. Kd2 Rd1# 0-1

[Event "Open B Carnevale"]
[Site "Milano ITA"]
[Date "2015.02.20"]
[Round "3"]
[White "Vignati, Andrea"]
[Black "Zecchini, Diego"]
[WhiteElo "1574"]
[BlackElo "1530"]
[Result "0-1"]
[PlyCount "52"]
[EventDate "2015.02.18"]

1. e4 c5 2. Nf3 d6 3. d4 cxd4 4. Nxd4 Nf6 5. Nc3 a6 6. f4 e6 7. Be3 Be7 8. Bc4
Qc7 9. Bb3 O-O 10. O-O b5 11. a3 Nc6 12. Nxc6 Qxc6 13. Qf3 Bb7 14. e5 Qc7 15.
Qg3 dxe5 16. fxe5 Ne4 17. Nxe4 Bxe4 18. Bh6 Bg6 19. Be3 Rfd8 20. Rac1 Rd7 21.
Rfd1 Rad8 22. Rxd7 Rxd7 23. c3 Rd3 24. Bc2 Rxe3 25. Qf2 Bc5 26. Kh1 Qxe5 0-1

[Event "Open B Carnevale"]
[Site "Milano ITA"]
[Date "2015.02.21"]
[Round "4"]
[White "Calabrese, Maurizio"]
[Black "Casamassima, Paolo"]
[WhiteElo "1439"]
[BlackElo "1683"]
[Result "0-1"]
[PlyCount "88"]
[EventDate "2015.02.18"]

1. d4 Nf6 2. c4 e6 3. Nc3 Bb4 4. e3 O-O 5. Nf3 Ne4 6. Bd2 Nxd2 7. Qxd2 d5 8. a3
Be7 9. Bd3 c6 10. Ne5 Nd7 11. Nf3 Nf6 12. h3 b6 13. g4 dxc4 14. Bxc4 Nd5 15.
Bb3 Ba6 16. h4 c5 17. e4 Nxc3 18. bxc3 Bb7 19. Bc2 Rc8 20. Qf4 cxd4 21. Nxd4
Rxc3 22. Qd2 Rxa3 23. Rxa3 Bxa3 24. Rh3 Bc5 25. Rd3 Qxh4 26. Ke2 Bxe4 27. Rg3
Bd5 28. Qd3 g6 29. Nf3 Qf6 30. Qd2 Kg7 31. Rh3 Bxf3+ 32. Rxf3 Qe5+ 33. Kf1 a5
34. Rh3 Kg8 35. Qh6 Qg7 36. Qc1 Rd8 37. Kg2 Qd4 38. Qf1 Qxg4+ 39. Rg3 Qd4 40.
Qe2 Rd5 41. Rd3 Rg5+ 42. Kf1 Qf6 43. Rd1 Re5 44. Be4 Rxe4 0-1

[Event "Open B Carnevale"]
[Site "Milano ITA"]
[Date "2015.02.21"]
[Round "4"]
[White "Carli, Federico"]
[Black "Alidosi, Marco"]
[WhiteElo "1663"]
[BlackElo "1743"]
[Result "0-1"]
[PlyCount "42"]
[EventDate "2015.02.18"]

1. e4 e6 2. d4 d5 3. Nc3 Bb4 4. e5 Bf8 5. Nf3 b6 6. Bb5+ c6 7. Be2 Ba6 8. O-O
Bxe2 9. Qxe2 Nd7 10. Be3 Ne7 11. Nd2 Nf5 12. f4 c5 13. Nf3 g6 14. g4 Nxe3 15.
Qxe3 cxd4 16. Nxd4 Bc5 17. Na4 Bxd4 18. Qxd4 Qh4 19. h3 Qg3+ 20. Kh1 Qxh3+ 21.
Kg1 Qxg4+ 0-1

[Event "Open B Carnevale"]
[Site "Milano ITA"]
[Date "2015.02.21"]
[Round "4"]
[White "Colica, Daniele"]
[Black "Cagnotto, Marco"]
[WhiteElo "1657"]
[BlackElo "1686"]
[Result "1-0"]
[PlyCount "35"]
[EventDate "2015.02.18"]

1. e4 c5 2. Nf3 Nc6 3. Bb5 d6 4. d4 cxd4 5. Qxd4 Bd7 6. Bxc6 Bxc6 7. Nc3 Nf6 8.
Bg5 Nd7 9. O-O-O h6 10. Be3 Rg8 11. e5 Bxf3 12. gxf3 Nxe5 13. Qe4 g6 14. Qxb7
Rb8 15. Qxa7 Nxf3 16. Nd5 Bg7 17. Bb6 Ra8 18. Nc7+ 1-0

[Event "Open B Carnevale"]
[Site "Milano ITA"]
[Date "2015.02.21"]
[Round "4"]
[White "Iacchetti, Giovanni"]
[Black "Forti, Francesco"]
[WhiteElo "1668"]
[BlackElo "1526"]
[Result "0-1"]
[PlyCount "82"]
[EventDate "2015.02.18"]

1. c4 c5 2. g3 Nc6 3. Bg2 g6 4. Nc3 Bg7 5. Nf3 Nf6 6. O-O O-O 7. a3 d6 8. d3
Bd7 9. Rb1 a6 10. Be3 Rb8 11. h3 b5 12. cxb5 axb5 13. Qd2 Re8 14. Bh6 Bh8 15.
g4 Qc8 16. Nh2 b4 17. axb4 Nxb4 18. f4 Bc6 19. e4 e6 20. f5 exf5 21. gxf5 Bg7
22. fxg6 fxg6 23. Bxg7 Kxg7 24. Rxf6 Kxf6 25. Ng4+ Ke6 26. Nd5 Rf8 27. d4 Bxd5
28. exd5+ Kd7 29. dxc5 Qxc5+ 30. Kh2 Rbe8 31. Qg5 Qd4 32. Kh1 Rf5 33. Qh6 Re7
34. Qh4 Nxd5 35. Ra1 Ne3 36. Nf6+ Qxf6 37. Ra7+ Ke6 38. Qe4+ Qe5 39. Rxe7+ Kxe7
40. Qb7+ Kf6 41. Bf3 Qg3 0-1

[Event "Open B Carnevale"]
[Site "Milano ITA"]
[Date "2015.02.21"]
[Round "4"]
[White "Izzo, Riccardo"]
[Black "Biava, Pierluigi"]
[WhiteElo "1683"]
[BlackElo "1618"]
[Result "1-0"]
[PlyCount "65"]
[EventDate "2015.02.18"]

1. d4 Nf6 2. Bg5 e6 3. e4 Be7 4. e5 Nd5 5. Bxe7 Qxe7 6. c3 d6 7. Nf3 Nd7 8.
exd6 cxd6 9. Bc4 N7b6 10. Bb5+ Bd7 11. Bxd7+ Qxd7 12. O-O Na4 13. c4 Nf6 14. b3
Nb6 15. Nc3 O-O 16. Qd2 a6 17. Qf4 Qc6 18. Rac1 Rac8 19. Rfe1 Qc7 20. Rb1 d5
21. Qxc7 Rxc7 22. c5 Nbd7 23. b4 b5 24. Ra1 Nb6 25. Ne5 Nc4 26. a4 Rb8 27. Nxc4
bxc4 28. b5 axb5 29. axb5 Ne4 30. Nxe4 dxe4 31. b6 Rd7 32. Rxe4 Kf8 33. c6 1-0